Religions: Real or Fictional? (Xtreme) - Sudden Death - Statistics

General Stats
  • This quiz has been taken 45 times
  • The average score is 3 of 10
Answers on the Grid
Answers color-coded by a green-red scale on the quiz's grid according to % correct below.
Raelism
Pastafarianism
Zensufi
Zoroastrianism
Carpathianism
Solarianism
Tenrikyo
Nuwaubianism
Cao Dai
Transcendentalism
Discordianism
Vantism
Druze
Velorism
Trelorianism
Yazidism
Quackism
Etherealism
Dinkoism
 
Answer Stats
Answer % Correct
Zoroastrianism
94%
Pastafarianism
59%
Druze
41%
Cao Dai
29%
Raelism
29%
Yazidism
24%
Discordianism
18%
Nuwaubianism
12%
Tenrikyo
12%
Dinkoism
0%
No matching quizzes found
Score Distribution
Percent of People with Each Score
Percentile by Number Answered
Your Score History
You have not taken this quiz